| 000 | 00471nam a2200181Ia 4500 | ||
|---|---|---|---|
| 008 | 100920s9999 xx 000 0 und d | ||
| 082 |
_b17077 _a5 थ 64 |
||
| 100 | _aGrayson Cary T. | ||
| 245 | _aWOODROW WILSON. | ||
| 260 |
_bDELL PUBLISHING COMPANY, INC, NEW YORK. _c1964 |
||
| 300 |
_a127 _bसाधी |
||
| 365 | _b0 | ||
| 520 | _aई.एल. ई. | ||
| 630 | _aWOODROW WILSON. | ||
| 650 | _aई.एल. ई. | ||
| 730 | _aWOODROW WILSON. | ||
| 942 | _cBOOK | ||
| 999 |
_c679509 _d679506 |
||